Baby Names: 'W', 'Y' & 'Z' Girl Names by Decade Quiz Stats

Quiz Updated Apr 14, 2017

Challenge
Share
Tweet
Embed
Score 0/45 Timer 08:00
45 Plays Today
Decade % Correct
Zoe
79.7%
Zoe
79.7%
Wendy
74.6%
Wendy
74.6%
Wendy
74.6%
Wendy
74.6%
Wanda
66.7%
Wanda
66.7%
Wanda
66.7%
Wanda
66.7%
Wanda
66.7%
Wanda
66.7%
Wanda
66.7%
Wilma
57.6%
Wilma
57.6%
Wilma
57.6%
Wilma
57.6%
Wilma
57.6%
Yolanda
56.7%
Yolanda
56.7%
Yolanda
56.7%
Zoey
48.7%
Yvonne
48.3%
Decade % Correct
Yvonne
48.3%
Yvonne
48.3%
Yvonne
48.3%
Yvonne
48.3%
Winnie
41.1%
Winnie
41.1%
Yvette
39.7%
Winifred
32.9%
Winifred
32.9%
Winifred
32.9%
Winifred
32.9%
Winifred
32.9%
Whitney
26.6%
Whitney
26.6%
Willie
23.5%
Willie
23.5%
Willie
23.5%
Willie
23.5%
Willie
23.5%
Willie
23.5%
Willie
23.5%
Yesenia
7.5%

You're not logged in!

Compare scores with friends on all Sporcle quizzes.
Sign Up with Email
OR
Log In

You Might Also Like...

Show Comments

Extras

Top Quizzes Today


Score Distribution

Your Account Isn't Verified!

In order to create a playlist on Sporcle, you need to verify the email address you used during registration. Go to your Sporcle Settings to finish the process.